000 00899nam a22002537a 4500
999 _c10293
_d10293
003 AR-CdUCM
008 190329b ||||| |||| 00| 0 spa d
040 _aMUNICIPALIDAD PROVINCIAL DEL CUSCO
_cBIBLIOTECA MUNICIPAL DEL CUSCO
041 _hger
082 _a129.311 /
_bR54 / 1922
100 _aRickert, Heinricht
_916791
245 _aCiencia cultural y ciencia natural /
260 _aMadrid :
_bCalpe,
_c1922.
300 _a150 páginas ;
_c22 cm.
505 _aContenido: El problema -- La situación histórica -- La oposición capital -- Naturaleza y cultura -- Concepto y realidad -- El método naturalista -- Naturaleza e historia ...
650 _aCultura
_9126
650 _aCiencia
_92098
650 _aMetodología
_92264
650 _aHistoria
_9136
650 _aFilosofía
_9395
700 _aMorente, Manuel G. (traducción)
_916792
942 _2ddc
_cLIBROS
945 _aachl